Bundesländer Deutschlands nach Fläche - Statistiken

Allgemein
  • Dieses Quiz wurde 221 mal gespielt
  • Das Durchschnittsergebnis liegt bei 14 aus 16
Antwortstatistiken
Fläche so groß wie... Hinweis Name des Bundeslandes % Korrekt
70.500 km² Irland B Bayern
98%
47.614 km² Dominikanische Republik N Niedersachsen
96%
35.751 km² Taiwan B Baden-Württemberg
91%
21.115 km² El Salvador H Hessen
91%
16.173 km² Swasiland T Thüringen
91%
892 km² Kiribati B Berlin
90%
29.654 km² Armenien B Brandenburg
90%
326 km² Malta B Bremen
90%
2.570 km² Luxemburg S Saarland
90%
18.450 km² Kuwait S Sachsen
90%
755 km² Dominica H Hamburg
89%
23.221 km² Dschibuti M Mecklenburg-Vorpommern
89%
19.854 km² Fidschi R Rheinland-Pfalz
89%
20.452 km² Slowenien S Sachsen-Anhalt
89%
34.110 km² Moldawien N Nordrhein-Westfalen
88%
15.800 km² Osttimor S Schleswig-Holstein
87%
Keine übereinstimmenden Quizze gefunden
Verteilung der Resultate
Anzahl Personen mit jedem Resultat
Perzentil nach korrekt beantworteten Fragen
Ihre Resultats-Entwicklung
Sie haben dieses Quiz noch nicht gespielt